North & South American Cities Along the Pacific Coast - Statistics

General Stats
  • This quiz has been taken 202 times
  • The average score is 13 of 15
Answer Stats
City Urban Pop % Correct
Vancouver, Canada 2,504,340
100%
Seattle, USA 3,059,393
99%
San Francisco - Oakland, USA 3,281,212
96%
Los Angeles - Long Beach - Anaheim, USA 12,150,996
93%
Concord, USA 615,968
89%
San Jose, USA 1,664,496
87%
San Diego, USA 2,956,746
86%
Tijuana, Mexico 1,386,100
86%
Acapulco, Mexico 708,100
80%
Lima, Peru 9,886,600
79%
Guayaquil, Ecuador 2,278,691
75%
Mission Viejo - Lake Forest - San Clemente, USA 583,681
74%
Trujillo, Peru 799,600
74%
Valparaíso, Chile 960,100
74%
Concepción, Chile 788,900
70%
No matching quizzes found
Score Distribution
Percent of People with Each Score
Percentile by Number Answered
Your Score History
You have not taken this quiz